00483nam a22001577a 450000500170000000800410001702000150005804100150007308200140008810000280010224500620013025000200019226000620021230000260027465000250030020231107055714.0231107b |||||||| |||| 00| 0 eng d a0799303232 aAfrikaans  a346.5 BOU aBouwer, APJlAfrikaans  aDie Beredderingsproses van Bestorwe Boedels /cAPJ Bouwer aTweede Uitgawe  aPretoria :bJ.P. van der Walt en Seun (EDMS) Bpk, c1978 b654 pages ; c24 cm.  aLegal practice bLaw